| 000 | 00748nam a2200253 i 4500 | ||
|---|---|---|---|
| 001 | 5434 | ||
| 003 | ES-MaACL | ||
| 005 | 20240508104353.0 | ||
| 007 | t| | ||
| 008 | 880615s1987 sp ||||1| spa d | ||
| 020 | _a84-7658-057-6 | ||
| 080 | _a86-311.2"19" | ||
| 080 | _a86(Sorozabal Serrano,P. 7 U.01) | ||
| 100 | 1 |
_aSorozábal Serrano, Pablo. _9107423 |
|
| 245 | 1 | 3 |
_aLa Ultima palabra / _cPablo Sorozabal. |
| 250 | _a1a ed. | ||
| 260 |
_aBarcelona : _bAnthropos, _c1987. |
||
| 300 |
_a207 p., 1 h. ; _c20 cm. |
||
| 490 | 1 |
_aAmbitos literarios. Narrativa ; _v24 |
|
| 830 | 0 | 0 |
_aÁmbitos literarios. _pNarrativa ; _v24 _9177289 |
| 852 |
_aES-MaACL _jL-12096 _bR.114633 _z. - Rust. |
||
| 942 | _2udc | ||
| 999 |
_c5434 _d5434 |
||